000 00366nam a2200121Ia 4500
008 160523s9999 xx 000 0 und d
100 _aDordal, Peter L.
245 3 _aAn Introduction to Computer Networks
245 _cPeter L Dordal.
260 _c2015
650 _xInformation Technology.
856 _uhttp://intronetworks.cs.luc.edu/current/ComputerNetworks.pdf
999 _c294696
_d294696